Vista completa de documento

STA |a MIBE-2025
STA |a REPO-DOCA
FMT BK
LDR      nam  22      i 4500
001 000477135
005 20251007132416.0
006 m        d        
007 cr nuu---uuuuu
008 250919s2025    sp a   fs     000 0 eng d
0247 |a 1053479/40585 |2 doi
040 |a ES-MaBBE
084 |a G53
084 |a I21
098 |a A |e Economía general
1001 |a Stupariu, Patricia
24510 |a Adding up the benefits |h [Recurso electrónico] : |b education, numeracy and financial literacy / |c Patricia Stupariu and Juan Rafael Ruiz.
260 |a Madrid : |b Banco de España, |c 2025.
300 |a 34 p.
440 0 |a Documentos Ocasionales / Banco de España |v 2518 |x 1696-2230
506 |a Acceso público y gratuito a la versión electrónica en Internet
5203 |a Este estudio se basa en los datos obtenidos de la Encuesta de Competencias Financieras elaborada por el Banco de España y en él se examina la relación entre el nivel educativo y las competencias financieras en la población española, haciendo hincapié en las competencias matemáticas. Las competencias financieras se evalúan mediante un conjunto de indicadores calculados a partir de diversas combinaciones de preguntas de la encuesta, lo que permite un análisis exhaustivo de los conocimientos financieros que tienen las personas sobre distintos temas. Los resultados indican que, en promedio, los niveles más altos de educación formal se asocian a mejores competencias financieras, y los graduados en Ciencias y en Economía superan a los de otras materias. El estudio subraya la importancia de reforzar las competencias matemáticas para favorecer la mejora de las competencias financieras. [Resumen de autor] |9 [spa]
5203 |a Based on data obtained from the Survey of Financial Competences conducted by the Banco de España, this study examines the relationship between education and financial literacy across the Spanish population, with an emphasis on numeracy skills. Financial literacy is assessed through a set of indicators derived from various combinations of the survey questions, allowing for a comprehensive analysis of individuals’ financial awareness across different topics. The findings indicate that, on average, higher levels of formal education are related to higher financial literacy and that graduates in science and economics outperform graduates from other disciplines. The study highlights the importance of strengthening numeracy skills to support improvements in financial literacy. [Resumen de autor] |9 [eng]
651 4 |a España
650 4 |a Competencias financieras
650 4 |a Educación universitaria
65310 |a Financial literacy
65310 |a Financial education
65310 |a Higher education
65310 |a Field of study
65310 |a Numeracy skills
65310 |a Competencias financieras
65310 |a Educación financiera
65310 |a Educación universitaria
65310 |a Campo de estudio
65310 |a Destrezas matemáticas
7001 |a Ruiz, Juan Rafael
7102 |a Banco de España
85641 |u https://repositorio.bde.es/handle/123456789/40585 |x b0b0656a-c523-4ef1-b9a1-c28072f36f0e |z Ver en el Repositorio Institucional
LKR |a PAR |b 000477106 |l NSB01 |n Versión en español |m Versión en inglés
035 |a (OCoLC)1547143301 |z OCOLC1547143301
TYP |a Libro
TYP |a Recurso electronico
TYP |a EL |b Acceso
SYS 000477135

2013 Banco de España, Madrid, España. Reservados todos los derechos
Basado en Ex Libris (© 2009 Ex Libris)

Contacto